000 00307nam a22001337a 4500
020 _a81-219-0290-8
041 _aENG
100 _aTheraja .B.L
245 _aA Textbook of Electaical Technology Vol 1
260 _aDelhi
_bS. Chand &Company LTD.
_c2001
300 _a735
650 _aEOES
856 _uEOES
999 _c433
_d433